| 000 | 00362nam a2200145Ia 4500 | ||
|---|---|---|---|
| 008 | 150201s2011 xx 000 0 und d | ||
| 082 |
_a610.734 _bB11C |
||
| 100 | _aCLEMENT , I. | ||
| 245 | _aBASIC CONCEPTS OF COMMUNITY HEALTH NURSING | ||
| 250 | _a2ND | ||
| 260 |
_bJAYPEE _aDELHI _c2011 |
||
| 300 | _a623 | ||
| 650 | _aCOMMUNITy NURSING | ||
| 942 |
_2ddc _cBK _049 |
||
| 999 |
_c2077 _d2077 |
||